[Event "Paul Masson op"]
[Site "?"]
[Date "1977.??.??"]
[Round "3"]
[White "Kennedy, E."]
[Black "Biyiasas, Peter"]
[Result "0-1"]
[WhiteElo "2250"]
[BlackElo "2425"]

1.e4 c5 2.Nf3 Nc6 3.Nc3 g6 4.d4 cxd4 5.Nxd4 Bg7 6.Be3 Nf6 7.Nxc6 bxc6 8.e5 Ng8
9.Bd4 Qc7 10.e6 Nf6 11.exf7+ Kxf7 12.Bc4+ d5 13.Bb3 e5 14.Bc5 Qa5 15.Ba3 Ba6
16.Qf3 Rhe8 17.O-O-O Kg8 18.Nxd5 cxd5 19.Rxd5 Nxd5 20.Bxd5+ Kh8 21.Bxa8 e4
22.Bxe4 Bb7 23.Bxb7 Re1+ 24.Qd1 Rxd1+ 25.Rxd1 Be5 26.g3 Qb6 27.f4 Bxf4+ 28.gxf4 Qxb7
29.b3 Kg8 30.Bd6 Qg2 31.Rd2 Qh1+ 32.Kb2 h5 33.c4 Kf7 34.c5 Ke6 35.Rc2 Qc6
36.Re2+ Kd5 37.Re7 a5 38.a3 Qb5 39.Re1 a4 40.b4 Qd3 41.Rc1 Qb3+ 42.Ka1 Qxa3+
43.Kb1 Qxb4+ 44.Ka1 Qd2 45.Kb1 Qd3+ 46.Ka1 Qd2 47.Kb1 a3  0-1

[Event "Piriapolis"]
[Site "Piriapolis"]
[Date "1977.??.??"]
[Round "9"]
[White "Estrada Degrandi, Walter"]
[Black "Trois, Francisco RT"]
[Result "0-1"]
[WhiteElo "2350"]
[BlackElo "2395"]

1.e4 c5 2.Nf3 Nc6 3.Nc3 d6 4.d4 cxd4 5.Nxd4 e6 6.Be3 Nf6 7.Be2 Be7 8.O-O O-O
9.Kh1 Bd7 10.f4 e5 11.Nb3 a5 12.fxe5 Nxe5 13.h3 Rc8 14.Nd4 Re8 15.Nf5 Bxf5
16.Rxf5 h6 17.Qd2 Rxc3 18.Qxc3 Nxe4 19.Qe1 Bh4 20.Bf2 Nxf2+ 21.Rxf2 Qb6  0-1

[Event "Santos Lugares"]
[Site "Santos Lugares"]
[Date "1977.??.??"]
[Round "5"]
[White "Castelli, Raul"]
[Black "Agdamus, Jose Luis"]
[Result "1/2-1/2"]
[WhiteElo "2200"]
[BlackElo "2200"]

1.e4 c5 2.Nf3 Nc6 3.Nc3 Nf6 4.d4 d5 5.exd5 Nxd5 6.Nxd5 Qxd5 7.Be3 cxd4 8.Nxd4 Nxd4
9.Qxd4 Qxd4 10.Bxd4 Bd7 11.Bd3 Bc6 12.O-O e6 13.f4 Bd6 14.Rae1 O-O 15.f5  1/2-1/2

[Event "Vrbas"]
[Site "Vrbas"]
[Date "1977.??.??"]
[Round "3"]
[White "Barle, Janez"]
[Black "Matulovic, Milan"]
[Result "0-1"]
[WhiteElo "2450"]
[BlackElo "2510"]

1.e4 c5 2.Nf3 Nc6 3.Nc3 e6 4.Bb5 Nge7 5.O-O a6 6.Bxc6 Nxc6 7.d4 cxd4 8.Nxd4 Qc7
9.Be3 Be7 10.a4 O-O 11.a5 Nxa5 12.Nf5 Bf6 13.Nh6+ Kh8 14.Qh5 Nc4 15.Nb5 Qc6
16.Nd4 Qxe4 17.Nxf7+ Kg8 18.Ng5 Bxg5 19.Qxg5 b5 20.b3 Nxe3 21.fxe3 Bb7 22.Rxf8+ Rxf8
23.Rf1 Rxf1+ 24.Kxf1 h6 25.Qd8+ Kh7 26.Qxd7 Qxg2+ 27.Ke1 Qg1+ 28.Ke2 Qxh2+
29.Kd3 Qg2 30.c4 bxc4+ 31.bxc4 e5 32.Ne6 Be4+ 33.Kc3 a5 34.Qd1 Qf2 35.c5 Qxe3+
36.Kb2 Bf5 37.Nf8+ Kg8 38.Qh5 Qf2+ 39.Kc3 Kxf8  0-1

[Event "Yerevan"]
[Site "Yerevan"]
[Date "1977.??.??"]
[Round "15"]
[White "Tseshkovsky, Vitaly"]
[Black "Mnatsakanian, Eduard A"]
[Result "1-0"]
[WhiteElo "2590"]
[BlackElo "2425"]

1.e4 c5 2.Nc3 Nc6 3.Nf3 Nf6 4.Bb5 Qc7 5.O-O e6 6.Bxc6 Qxc6 7.Re1 b6 8.d4 cxd4
9.Nxd4 Qc4 10.e5 Nd5 11.Ne4 Bc5 12.c3 f5 13.exf6 Nxf6 14.Nxf6+ gxf6 15.Qf3 Rb8
16.Bf4 Bb7 17.Qh5+ Kd8 18.Bxb8 e5 19.Bxe5  1-0

[Event "JUG-ch"]
[Site "Zagreb"]
[Date "1977.??.??"]
[Round "9"]
[White "Messing, Hrvoje"]
[Black "Bjelajac, Milan"]
[Result "1-0"]
[WhiteElo "2425"]
[BlackElo "2410"]

1.e4 c5 2.Nc3 Nc6 3.Nge2 Nf6 4.d4 d5 5.exd5 Nxd5 6.dxc5 Nxc3 7.Qxd8+ Kxd8
8.Nxc3 Nd4 9.Bd3 e5 10.Be3 Bxc5 11.O-O-O Kc7 12.b4 Bf8 13.f4 f6 14.fxe5 fxe5
15.Be4 Be6 16.Bxd4 exd4 17.Rxd4 a5 18.b5 Bb4 19.Nd5+ Bxd5 20.Rxd5 Rae8 21.Bf3 b6
22.Kb2 Rd8 23.Rg5 g6 24.c3 Rd2+ 25.Kb3 Bc5 26.a4 Re8 27.h4 Re3 28.h5 Rdd3
29.Rc1 Be7 30.Rg4 gxh5 31.Rc4+ Bc5 32.Bxh5 h6 33.Bf3 Rd6 34.Rh1 Re5 35.Rhh4 Rf6
36.Rcg4 Kd8 37.Rg8+ Re8 38.Rgg4 Ree6 39.Be4 Re5 40.Bc6 Ke7 41.Rg3 Rg5 42.Rd3 Rd6
43.Re4+ Kf7 44.Rf4+ Ke7 45.Rdf3 Rg7 46.Rf5 Bg1 47.Rf8 Rd8 48.R8f6 Rh8 49.Bd5 Kd8
50.Rc6 Rc7 51.Rg6 h5 52.Be6 Re7 53.Rd3+ Kc7 54.Bh3 Kb8 55.Rdd6 Ka7 56.Rc6 h4
57.Bg4 Rf7 58.Be6 Re7 59.Kc4 Reh7 60.Kd3 Re7 61.Ke4 Rb7 62.Kf3 Rf8+ 63.Kg4 Rh8
64.Kh3 Re7 65.Bd5 Re3+ 66.Bf3 Re7 67.c4 Rf7 68.Bd5 Rd7 69.Rg4 Rdh7 70.Rcg6 Kb8
71.Re4 Bc5 72.Bg8 Rc7 73.Re8+ Ka7 74.Rd8 Bg1 75.Kg4 Bc5 76.Kf4 Rf7+ 77.Ke5 Re7+
78.Kf6 Rc7 79.Re8 Rd7 80.Kf5 Rc7 81.Rg4 Rd7 82.Rge4 Rh5+ 83.Kg4 Rh8 84.Bd5 Rdh7
85.Kh3 Ba3 86.Rxh8 Rxh8 87.Rxh4 Rxh4+ 88.Kxh4 Kb8 89.g4 Kc7 90.g5 Kd6 91.Kh5 Ke5
92.g6 Bf8 93.Kg4 Bg7 94.c5 Kxd5 95.cxb6 Kd6 96.Kf5 Bc3 97.b7 Kc7 98.Ke6 Kxb7
99.Kf7  1-0

[Event "JUG-ch"]
[Site "Zagreb"]
[Date "1977.??.??"]
[Round "9"]
[White "Sahovic, Dragutin"]
[Black "Simic, Radoslav"]
[Result "1/2-1/2"]
[WhiteElo "2460"]
[BlackElo "2375"]

1.e4 c5 2.Nf3 Nc6 3.Nc3 Nf6 4.g3 d6 5.Bg2 g6 6.O-O Bg7 7.d3 O-O 8.Bd2 Rb8
9.Nh4 b5 10.f4 b4 11.Ne2 Bg4 12.Bf3 Bxf3 13.Nxf3 Qd7 14.Kg2 Ne8 15.c3 bxc3
16.bxc3 Nc7 17.Qc2 Rb6 18.Rab1 Nb5 19.Qa4 Rfb8 20.Rb3 Nc7  1/2-1/2

[Event "IBM-B"]
[Site "Amsterdam"]
[Date "1978.??.??"]
[Round "8"]
[White "Ligterink, Gert"]
[Black "Rodriguez, Amador"]
[Result "1-0"]
[WhiteElo "2440"]
[BlackElo "2470"]

1.e4 c5 2.Nc3 Nc6 3.Nf3 d6 4.d4 cxd4 5.Nxd4 e6 6.Be3 Nf6 7.Bc4 Be7 8.Bb3 O-O
9.Qe2 a6 10.O-O-O Qc7 11.Rhg1 Nd7 12.Kb1 Nc5 13.Qh5 Bd7 14.g4 Nxb3 15.cxb3 f6
16.f4 b5 17.f5 Nxd4 18.Rxd4 Rac8 19.g5 exf5 20.g6 hxg6 21.Rxg6 Rf7 22.a3 Bd8
23.Rd1 Qb7 24.Rh6 gxh6 25.Bxh6 Bb6 26.Qg6+ Kh8 27.Qxf7 Rg8 28.Qxf6+ Kh7 29.Rxd6  1-0

[Event "URS-FL"]
[Site "Ashkhabad"]
[Date "1978.??.??"]
[Round "13"]
[White "Tukmakov, Vladimir B"]
[Black "Sveshnikov, Evgeny"]
[Result "1/2-1/2"]
[WhiteElo "2570"]
[BlackElo "2565"]

1.e4 c5 2.Nf3 Nc6 3.Nc3 Nf6 4.Bb5 Nd4 5.e5 Nxb5 6.Nxb5 Nd5 7.O-O a6 8.c4 Nb4
9.Nc3 d6 10.exd6 Qxd6 11.Ne4 Qc7 12.d4 cxd4 13.Re1 Bg4 14.Qa4+ Nc6 15.Nxd4 O-O-O
16.Nxc6 Qxc6 17.Qxc6+ bxc6 18.Be3 e6 19.Bb6 Rd7 20.f3 Bf5 21.Rad1 Bxe4 22.Rxd7  1/2-1/2

[Event "Buenos Aires ol (Men)"]
[Site "Buenos Aires"]
[Date "1978.??.??"]
[Round "?"]
[White "Silva Sanchez, Carlos"]
[Black "Masculo, Jose"]
[Result "1/2-1/2"]
[WhiteElo "2395"]
[BlackElo "2200"]

1.e4 c5 2.Nf3 Nc6 3.Nc3 d6 4.d4 cxd4 5.Nxd4 Nf6 6.Be2 e5 7.Nb3 Be7 8.O-O a5
9.Be3 O-O 10.f3 a4 11.Nd2 a3 12.Nc4 axb2 13.Rb1 Be6 14.Rxb2 d5 15.exd5 Nxd5
16.Nxd5 Bxd5 17.Bb6 Qd7 18.Bf2 Qe6 19.Nb6 Rad8 20.Nxd5 Rxd5 21.Qb1 Na5 22.Bd3 g6
23.Re1 Bc5 24.Bxc5 Rxc5 25.f4 Qd6 26.fxe5 Rxe5 27.Rb5 Rfe8 28.Rbxe5 Rxe5
29.h3 Rxe1+ 30.Qxe1 Nc6 31.Qc3 Qf4 32.Qe1 Qd4+ 33.Kh1 Ne5 34.Qe4 Qa1+ 35.Kh2 Nxd3
36.cxd3 Qxa2 37.Qxb7 Qe6 38.Qb8+ Kg7 39.d4 h5 40.Qf4 Qf6 41.Kg3 g5  1/2-1/2

[Event "Buenos Aires ol (Men)"]
[Site "Buenos Aires"]
[Date "1978.??.??"]
[Round "?"]
[White "Silva Sanchez, Carlos"]
[Black "Borik, Otto"]
[Result "1-0"]
[WhiteElo "2395"]
[BlackElo "2400"]

1.e4 c5 2.Nf3 Nc6 3.Nc3 Nf6 4.d4 cxd4 5.Nxd4 e6 6.Be2 d6 7.O-O Be7 8.Kh1 O-O
9.f4 Bd7 10.Nb3 a5 11.a4 Nb4 12.Bf3 e5 13.Be3 Bc6 14.Rf2 Qc7 15.Rd2 b6 16.Nb5 Qb7
17.c3 Na6 18.Nxd6 Bxd6 19.Rxd6 exf4 20.Bd4 Nxe4 21.Bxe4 Bxe4 22.Rxb6 Qd7
23.Nd2 Bd5 24.Qh5 Nc7 25.Nf3 Bxf3 26.Qxf3 Ne6 27.Be5 Qd2 28.Rxe6 Rad8 29.Bxf4 fxe6
30.Bxd2 Rxf3 31.gxf3 Rxd2 32.b4 Kf7 33.bxa5 Rd5 34.Kg2 Rxa5 35.Kf2 Ke7 36.Ke3 Kd6
37.Kd4 Rf5 38.a5 Kc7 39.a6 Kb8 40.a7+ Ka8 41.Ke4 g5 42.Ke3 Rc5 43.Ra3 Rc4
44.Kf2 g4 45.fxg4 Rxg4 46.Ra6 Rc4 47.Rxe6 Rxc3 48.Re7 h5 49.Rh7 Rc5 50.h3 Rc2+
51.Kg3 Rc3+ 52.Kh4 Rc4+ 53.Kg5 Rc5+ 54.Kf6 Rc6+ 55.Ke5 Rc5+ 56.Kd6 Ra5 57.Kc6 Ra6+
58.Kb5 Rxa7 59.Rxh5 Ra1 60.Kc6 Rc1+ 61.Rc5 Rd1 62.Kc7 Ra1 63.h4 Ra7+ 64.Kc8 Ra4
65.h5 Ka7 66.Kc7 Ka6 67.h6 Rh4 68.Rc6+ Kb5 69.Kd7 Ra4 70.Rf6 Ra7+ 71.Kd6 Kc4
72.Rf4+ Kd3 73.Rh4 Ra6+ 74.Ke5  1-0

[Event "Buenos Aires ol (Men)"]
[Site "Buenos Aires"]
[Date "1978.??.??"]
[Round "?"]
[White "Aturupane, Harinlal"]
[Black "Apol, Luitjen"]
[Result "1-0"]
[WhiteElo "2200"]
[BlackElo "2200"]

1.e4 c5 2.Nf3 Nc6 3.Nc3 d6 4.d4 cxd4 5.Nxd4 Nf6 6.Bc4 e6 7.a3 Be7 8.O-O O-O
9.Ba2 a6 10.Be3 Qc7 11.Qe2 b5 12.f4 Bb7 13.f5 e5 14.Nxc6 Bxc6 15.Bg5 Rac8
16.Bxf6 Bxf6 17.Rad1 Rfd8 18.Rf2 Rd7 19.Bd5 Qd8 20.Bxc6 Rxc6 21.Nd5 Kh8 22.Rd3 Bg5
23.f6 g6 24.Qg4 Bc1 25.Qh4 Rc5 26.Ne7 h6 27.Rh3 Kh7 28.Qg4 Rxe7 29.fxe7 Qxe7
30.Rhf3 Rc7 31.c3 Qe8 32.Rc2 h5 33.Qh4 Bh6 34.Rd3 Qc6 35.Rf2 Rd7 36.Qh3 Rc7
37.Qf3 Rd7 38.Rd5 Qb6 39.Kh1 Qe3 40.Qxe3 Bxe3 41.Rf6 Bc1 42.Rfxd6 Rc7 43.Rxa6 Bxb2
44.Rxb5 Rxc3 45.g3 Rxa3 46.Rxa3 Bxa3 47.Rxe5 Kg7 48.Kg2 Bc1 49.Kf3 Kf6 50.Rb5 Bd2
51.h3 Be1 52.g4 hxg4+ 53.hxg4 Bc3 54.Ke3 Be5 55.Kd3 Bf4 56.Kc4 Bg3 57.Kd5 Ke7
58.Rb7+ Kf8 59.Rb3 Bf4 60.Rf3 Bg5 61.Kd6 Ke8 62.e5 Be7+ 63.Kd5 Bg5 64.e6 fxe6+
65.Kxe6 Bd2 66.Rf6 g5 67.Rf5 Bf4 68.Rf7 Be3 69.Kf6 Bd4+ 70.Kg6 Be3 71.Rf5  1-0

[Event "Buenos Aires ol (Men)"]
[Site "Buenos Aires"]
[Date "1978.??.??"]
[Round "?"]
[White "Schepel, Kaarlo"]
[Black "Palacios Alvarez, R."]
[Result "0-1"]
[WhiteElo "2200"]
[BlackElo "2370"]

1.e4 c5 2.Nf3 Nc6 3.Nc3 d6 4.d4 cxd4 5.Nxd4 Nf6 6.Be2 g6 7.Be3 Bg7 8.h3 O-O
9.Qd2 Nxd4 10.Bxd4 Bd7 11.f4 Bc6 12.Bf3 Qa5 13.a3 e5 14.b4 Qc7 15.Be3 exf4
16.Bd4 Rfe8 17.O-O Rac8 18.Rac1 b6 19.Kh1 Bd7 20.Qxf4 Qd8 21.Bg4 Bxg4 22.hxg4 Rc4
23.Nb5 Rxd4 24.Nxd4 Rxe4 25.Qf2 Rxg4 26.Rcd1 Qd7 27.Qf3 h5 28.Rfe1 d5 29.Ne2 Qc7
30.g3 h4 31.Rd4 Rxd4 32.Nxd4 Ne4 33.Ne2 hxg3 34.Kg2 Qxc2 35.Rc1 Qb2 36.Rc8+ Bf8
37.Rc7 Ng5 38.Qg4 f5 39.Qd4 Qxe2+  0-1

[Event "Buenos Aires ol (Men)"]
[Site "Buenos Aires"]
[Date "1978.??.??"]
[Round "?"]
[White "Sarapu, Ortvin"]
[Black "Suradiradja, Herman"]
[Result "1/2-1/2"]
[WhiteElo "2290"]
[BlackElo "2330"]

1.e4 c5 2.Ne2 Nc6 3.Nbc3 d6 4.d4 cxd4 5.Nxd4 Nf6 6.Bc4 e6 7.Bb3 a6 8.O-O Be7
9.Kh1 O-O 10.f4 Nxd4 11.Qxd4 b5 12.f5 Rb8 13.fxe6 fxe6 14.Bg5 b4 15.Ne2 Rb5
16.Bd2 a5 17.Nf4 Re5 18.Rae1 g5 19.Nh3 h6 20.c3 Bb7  1/2-1/2

[Event "Buenos Aires ol (Men)"]
[Site "Buenos Aires"]
[Date "1978.??.??"]
[Round "?"]
[White "Bouaziz, Slim"]
[Black "Rodriguez Vargas, Orestes"]
[Result "1/2-1/2"]
[WhiteElo "2365"]
[BlackElo "2485"]

1.e4 c5 2.Nc3 Nc6 3.Nge2 d6 4.d4 cxd4 5.Nxd4 Nf6 6.Be2 e6 7.O-O Be7 8.Be3 O-O
9.f4 e5 10.Nb3 a5 11.a4 Nb4 12.Bf3 Qc7 13.Rc1 Bd7 14.Qe2 b6 15.g4 d5 16.fxe5 Qxe5
17.Bxb6 dxe4 18.Nxe4 Nxg4 19.Nbc5 Bc6 20.Nd3 Qb8 21.Bd4  1/2-1/2

[Event "Dortmund"]
[Site "Dortmund"]
[Date "1978.??.??"]
[Round "7"]
[White "Gipslis, Aivars"]
[Black "Wirthensohn, Heinz"]
[Result "1-0"]
[WhiteElo "2525"]
[BlackElo "2410"]

1.e4 c5 2.Nf3 Nc6 3.Nc3 Nf6 4.Bb5 a6 5.Bxc6 dxc6 6.h3 g6 7.O-O Bg7 8.d3 O-O
9.Be3 Nd7 10.Qd2 e5 11.Bh6 Qe7 12.Nh2 Rd8 13.Bxg7 Kxg7 14.f4 exf4 15.Qxf4 Ne5
16.Nf3 Nxf3+ 17.Rxf3 b5 18.Raf1 Be6 19.Qe5+ Kg8 20.Rxf7  1-0

[Event "Halle 12th (Women)"]
[Site "Halle"]
[Date "1978.??.??"]
[Round "12"]
[White "Wagner Michel, Annett"]
[Black "Espig, Gesine"]
[Result "1-0"]
[WhiteElo "2130"]
[BlackElo "2020"]

1.e4 c5 2.Nc3 Nc6 3.Nge2 g6 4.d4 cxd4 5.Nxd4 Bg7 6.Be3 Nf6 7.f3 d6 8.Qd2 Bd7
9.O-O-O a6 10.Kb1 O-O 11.h4 b5 12.g4 Nxd4 13.Bxd4 b4 14.Bxf6 Bxf6 15.Nd5 Bg7
16.h5 Be6 17.Bc4 Bxd5 18.Bxd5 Rb8 19.hxg6 hxg6 20.Qh2 Re8 21.Bc6 Qa5 22.Rd5 Qb6
23.Bxe8 Rxe8 24.Rd3 a5 25.f4 Kf8 26.Rh3 e6 27.Qd2 Rd8 28.f5 exf5 29.exf5 d5
30.Qg5 Re8 31.Rh8+  1-0

[Event "DEN-ch"]
[Site "Horsens"]
[Date "1978.??.??"]
[Round "8"]
[White "Kolbak, Jens"]
[Black "Kristiansen, Jens"]
[Result "0-1"]
[WhiteElo "2350"]
[BlackElo "2395"]

1.e4 c5 2.Nf3 Nc6 3.Nc3 d6 4.d4 cxd4 5.Nxd4 Nf6 6.Be2 e6 7.O-O Be7 8.Be3 O-O
9.f4 Bd7 10.Kh1 a6 11.a4 Qc7 12.Bd3 b6 13.Qe1 Nxd4 14.Bxd4 Bc6 15.Qg3 Qb7
16.Rae1 Rad8 17.Qh3 h6 18.Rf3 b5 19.axb5 axb5 20.Rg3 Kh8 21.f5 e5 22.Be3 Ng8
23.Qg4 Bf6 24.Bxb5 Bxb5 25.Nd5 g5 26.Qh5 Bg7 27.f6 Bxf6 28.Nxf6 Nxf6 29.Qxh6+ Nh7
30.Bxg5 f6 31.Bh4 Rf7 32.b3 Rg8 33.Ree3 Rxg3 34.Rxg3 Bc6 35.Qg6 Rf8 36.h3 Bxe4
37.Bxf6+ Nxf6 38.Qh6+ Nh7 39.Qxd6 Re8 40.c4 Qe7 41.Qd2 Rg8 42.Rxg8+ Kxg8
43.b4 Qg5 44.Qb2 Qg3 45.b5 Ng5 46.b6 Nf3  0-1

[Event "Jakarta"]
[Site "Jakarta"]
[Date "1978.??.??"]
[Round "?"]
[White "Sharif, Mershad"]
[Black "Suradiradja, Herman"]
[Result "1-0"]
[WhiteElo "2380"]
[BlackElo "2330"]

1.e4 c5 2.Nf3 Nc6 3.Nc3 e5 4.Bc4 d6 5.d3 h6 6.O-O g5 7.Nd5 Bg7 8.c3 Nge7
9.a3 Nxd5 10.Bxd5 Ne7 11.Bc4 a6 12.a4 Ng6 13.Be3 Qf6 14.Nd2 Nf4 15.a5 O-O
16.Rb1 Be6 17.b4 Qe7 18.bxc5 dxc5 19.Qc2 Rfd8 20.Rfd1 Rd7 21.Bxe6 fxe6 22.Nc4 Rad8
23.g3 Nh3+ 24.Kg2 g4 25.Qe2 h5 26.f3 gxf3+ 27.Qxf3 Ng5 28.Qxh5 Nf7 29.Qe2 Nh6
30.Bxh6 Bxh6 31.Nxe5 Rc7 32.Qg4+ Bg7 33.Rb6 Rd6 34.Rf1 Qd8 35.Qg6 Re7 36.Ng4 Rxd3
37.Nh6+ Kh8 38.Nf7+  1-0

[Event "Jakarta"]
[Site "Jakarta"]
[Date "1978.??.??"]
[Round "?"]
[White "Ardiansyah, Haji"]
[Black "Torre, Eugenio"]
[Result "0-1"]
[WhiteElo "2330"]
[BlackElo "2490"]

1.e4 c5 2.Nf3 Nc6 3.Nc3 d6 4.d4 cxd4 5.Nxd4 Nf6 6.Be2 e5 7.Nb3 Be7 8.Be3 O-O
9.g4 Be6 10.g5 Nd7 11.Rg1 a5 12.a3 a4 13.Nd2 Nb6 14.Bd3 Nd4 15.Nf3 Nxf3+
16.Qxf3 Nc4 17.Bxc4 Bxc4 18.O-O-O b5 19.Nd5 Bxd5 20.Rxd5 b4 21.axb4 a3 22.b3 Qb8
23.Bd2 Rc8 24.Qd3 Qa7 25.Kb1 Qxf2 26.Rf1 Qxh2 27.Ra5 Qg2 28.Ka2 Rxa5 29.bxa5 d5
30.Re1 dxe4 31.Rxe4 Bxg5 32.Re2 Qg4 33.Bxg5 Qxg5 34.a6 h5 35.b4 e4 36.Qd4 Rd8
37.Qc3 Qd5+ 38.Qb3 Qb5 39.Rxe4 Qxa6 40.b5 Qb7 41.Re5 h4 42.b6 Rd6 43.Qb5 Rxb6
44.Re8+ Kh7 45.Qd3+ Rg6  0-1

[Event "Jurmala"]
[Site "Jurmala"]
[Date "1978.??.??"]
[Round "2"]
[White "Gipslis, Aivars"]
[Black "Schneider, Lars Ake"]
[Result "1/2-1/2"]
[WhiteElo "2525"]
[BlackElo "2430"]

1.e4 c5 2.Nf3 Nc6 3.Nc3 d6 4.d4 cxd4 5.Nxd4 Nf6 6.Bg5 e6 7.Qd2 a6 8.O-O-O Bd7
9.f3 Be7 10.h4 Qc7 11.g4 h5 12.gxh5 Nxh5 13.Bxe7 Nxe7 14.Nde2 Ng6 15.f4 O-O-O
16.f5 Ne5 17.Rh3 Kb8 18.Nd4 d5 19.exd5 exf5 20.Nf3 f4 21.d6 Qa5 22.Nxe5 Qxe5
23.Re1 Qa5 24.Rd3 Bc6 25.Bg2 Qc5 26.Ne4 Qf5 27.Ng5 Bxg2 28.Qxg2 Rd7 29.Re7 Rc8
30.Rb3 Rxe7 31.dxe7 Qd7 32.Qe2 Ng3 33.Qe5+ Ka8 34.Nxf7 Re8 35.Rd3 Qxe7 36.Qxe7 Rxe7
37.Rd8+ Ka7 38.Nd6 Re1+ 39.Kd2 Re2+ 40.Kd3 Re3+ 41.Kd4 Re2 42.Rf8 Rxc2  1/2-1/2

[Event "Aaronson"]
[Site "London"]
[Date "1978.??.??"]
[Round "9"]
[White "Law, Andrew P"]
[Black "Soos, Bela"]
[Result "0-1"]
[WhiteElo "2345"]
[BlackElo "2425"]

1.e4 c5 2.Nf3 Nc6 3.Nc3 g6 4.d4 cxd4 5.Nxd4 Bg7 6.Be3 Nf6 7.Be2 O-O 8.O-O d5
9.exd5 Nb4 10.Qd2 Nfxd5 11.Nxd5 Nxd5 12.Bh6 e5 13.Bxg7 Kxg7 14.Nf3 Nf4 15.Bc4 Qxd2
16.Nxd2 Bf5 17.g3 Nh3+ 18.Kg2 Ng5 19.Rfe1 Rad8 20.h4 Rxd2 21.hxg5 Rxc2 22.Bb3 Rc5
23.Rad1 e4 24.Rd5 Rfc8 25.Rd6 R8c7 26.Re3 Rd7 27.Rd1 Rxd1 28.Bxd1 Be6 29.Bb3 Bxb3
30.Rxb3 b6 31.Re3 Re5 32.Kf1 h6 33.gxh6+ Kxh6 34.Ke2 f5 35.b4 Kg5 36.Rc3 a5
37.Rc4 Rd5 38.a4 axb4 39.Rxb4 Rd6 40.f3 exf3+ 41.Kxf3 Rd3+ 42.Kf2 Ra3 43.Rxb6 Rxa4
44.Kg2 Kh5 45.Kf3 g5 46.Rb3 Ra2 47.Rc3 g4+ 48.Ke3 Rg2 49.Kf4 Rf2+ 50.Ke5 Kg5
51.Rc8 Re2+ 52.Kd4 Re4+ 53.Kd3 Re6 54.Rg8+ Kf6 55.Rf8+ Kg6 56.Ra8 Rb6 57.Ke3 Rb2
58.Ra6+ Kg5 59.Ra8 Rg2 60.Rg8+ Kf6 61.Rf8+ Kg6 62.Kf4 Rf2+ 63.Ke5 Re2+ 64.Kd4 Re1
65.Rg8+ Kf7 66.Ra8 Re4+ 67.Kd3 Re6 68.Ra7+ Kf6 69.Ra8 Re1 70.Rf8+ Kg6 71.Kd4 Rg1
72.Ke5 Rxg3  0-1

[Event "CSR-ch"]
[Site "Marianske Lazne"]
[Date "1978.??.??"]
[Round "4"]
[White "Lechtynsky, Jiri"]
[Black "Banas, Jan"]
[Result "1/2-1/2"]
[WhiteElo "2420"]
[BlackElo "2385"]

1.e4 c5 2.Nf3 Nc6 3.Nc3 d6 4.d4 cxd4 5.Nxd4 Nf6 6.Be2 e6 7.O-O Be7 8.Be3 a6
9.Kh1 Qc7 10.f4 O-O 11.Qe1 Na5 12.Qg3 Nc4 13.Bxc4 Qxc4 14.e5 Ne8 15.Rad1 Qc7
16.exd6 Bxd6 17.Ne4 Be7 18.f5 exf5 19.Qxc7 Nxc7 20.Nxf5 Bxf5 21.Rxf5  1/2-1/2

[Event "Sao Paulo"]
[Site "Sao Paulo"]
[Date "1978.??.??"]
[Round "7"]
[White "Dorfman, Josif D"]
[Black "Sunye Neto, Jaime"]
[Result "1/2-1/2"]
[WhiteElo "2550"]
[BlackElo "2360"]

1.e4 c5 2.Nc3 Nc6 3.Nf3 e5 4.Bc4 Be7 5.Nd5 Nf6 6.d3 d6 7.Nxe7 Qxe7 8.c3 h6
9.a3 O-O 10.b4 Be6 11.Bxe6 Qxe6 12.O-O c4 13.Re1 d5 14.exd5 Qxd5 15.dxc4 Qxc4
16.Bb2 Rad8 17.Qe2 Qb3 18.Rab1 e4 19.Nd2 Qa2 20.c4 Ne5 21.Nxe4 Nxe4 22.Bxe5 Qxe2
23.Rxe2 Nd2 24.Rc1 Nxc4 25.Bg3 b5 26.h3 Rd7 27.a4 a6 28.axb5 axb5 29.Ra1 Rfd8
30.Kh2 Rd2 31.Rxd2 Rxd2 32.Ra8+ Kh7 33.Rb8 Rd5  1/2-1/2

[Event "Vilnius"]
[Site "Vilnius"]
[Date "1978.??.??"]
[Round "8"]
[White "Lechtynsky, Jiri"]
[Black "Petrosian, Tigran V"]
[Result "1/2-1/2"]
[WhiteElo "2420"]
[BlackElo "2620"]

1.e4 c5 2.Nf3 Nc6 3.Nc3 g6 4.d4 cxd4 5.Nxd4 Bg7 6.Be3 Nf6 7.Bc4 Qa5 8.O-O O-O
9.Bb3 d6 10.h3 Bd7 11.f4 Nxd4 12.Bxd4 Bc6 13.Qd3  1/2-1/2

[Event "URS-ch U26"]
[Site "Vilnius"]
[Date "1978.??.??"]
[Round "9"]
[White "Zaichik, Gennadi"]
[Black "Chekhov, Valery A"]
[Result "1-0"]
[WhiteElo "2470"]
[BlackElo "2470"]

1.e4 c5 2.Nf3 Nc6 3.Nc3 Nf6 4.d4 cxd4 5.Nxd4 e5 6.Ndb5 d6 7.Bg5 a6 8.Bxf6 gxf6
9.Na3 f5 10.Nc4 b5 11.Ne3 b4 12.Ncd5 fxe4 13.a3 b3 14.c3 Bg7 15.Qxb3 O-O
16.Qb6 Bd7 17.Qxd8 Rfxd8 18.Nb6 Rab8 19.Nxd7 Rxd7 20.O-O-O Bh6 21.Kb1 Bxe3
22.fxe3 d5 23.Bxa6 Ra7 24.Be2 Rxa3 25.Rxd5 Rxc3 26.Rf1 Rcb3 27.Rd2 Na5 28.Bh5 R8b7
29.Rdf2 f6 30.Rc2 Kg7 31.Re1 R7b4 32.Bg4 Rd3 33.Rc7+ Kh6 34.Re2 Nc4 35.Bf5 Nxe3
36.Rxe3 Rxe3 37.h4 Re1+ 38.Ka2  1-0

[Event "IBM-B"]
[Site "Amsterdam"]
[Date "1979.??.??"]
[Round "2"]
[White "Van Wijgerden, Cornelis"]
[Black "Langeweg, Kick"]
[Result "1/2-1/2"]
[WhiteElo "2445"]
[BlackElo "2440"]

1.e4 c5 2.Nc3 Nc6 3.Nge2 d6 4.g3 Nf6 5.Bg2 Bd7 6.O-O g6 7.d3 Bg7 8.h3 Qc8
9.Kh2 h5 10.Nd5 e6 11.Nxf6+ Bxf6 12.c3 Qc7 13.d4 Ne7 14.Be3 O-O-O 15.Qd2 Kb8
16.b4 c4 17.Bg5 Bxg5 18.Qxg5 Ba4 19.Qd2 h4 20.g4 f5  1/2-1/2

[Event "AUT-ch"]
[Site "AUT"]
[Date "1979.??.??"]
[Round "3"]
[White "Herzog, Adolf"]
[Black "Danner, Georg"]
[Result "1/2-1/2"]
[WhiteElo "2210"]
[BlackElo "2335"]

1.Nc3 c5 2.e4 Nc6 3.Nge2 e5 4.Ng3 Nf6 5.Bc4 d6 6.O-O Be7 7.d3 Bg4 8.f3 Be6
9.f4 exf4 10.Bxf4 O-O 11.Nd5 Bxd5 12.exd5 Ne5 13.Bxe5 dxe5 14.Qf3 Ne8 15.Rae1 Nd6
16.c3 Qc7 17.Nh5 Nxc4 18.dxc4 f5 19.Ng3 g6 20.Ne2 Bd6 21.Qe3 Rae8 22.a3 Qd7
23.Kh1 Qe7 24.g3 Qd7 25.Ng1 Qa4 26.Qe2 Re7 27.Nf3 h6 28.Nh4 Kg7 29.g4 f4
30.Qd3 Qe8 31.Re4 Qf7 32.Nf3 g5 33.Rfe1 Rfe8 34.Qd1 Qg6 35.R1e2 b6 36.Qe1 Kf6
37.h4 gxh4 38.Qxh4+ Kg7 39.Qh3 Rd7 40.g5 Rdd8 41.Nh4 Qh5 42.Nf5+ Kg6 43.Qxh5+ Kxh5
44.gxh6 Kg4 45.Nxd6 Rxd6 46.Rxe5 Rxh6+ 47.Kg1 Reh8  1/2-1/2

[Event "JUG-34ch"]
[Site "Bjelovar"]
[Date "1979.??.??"]
[Round "10"]
[White "Messing, Hrvoje"]
[Black "Bjelajac, Milan"]
[Result "1-0"]
[WhiteElo "2420"]
[BlackElo "2410"]

1.e4 c5 2.Nc3 Nc6 3.Nge2 Nf6 4.d4 cxd4 5.Nxd4 e5 6.Ndb5 d6 7.Nd5 Nxd5 8.exd5 Nb8
9.c4 Be7 10.c5 a6 11.cxd6 Bxd6 12.Nxd6+ Qxd6 13.Be3 O-O 14.Rc1 b6 15.Qb3 Bb7
16.Bc5 bxc5 17.Qxb7 Nd7 18.Qc6 Qb8 19.Qxd7 Qxb2 20.Rd1 Qb4+ 21.Rd2 Rfd8 22.Qc6 Qb1+
23.Rd1 Qb4+ 24.Rd2 Rab8 25.Bd3 Rb6 26.Qc7 Rbd6 27.a3 Qc3 28.Be4 Qc4 29.f3 g6
30.g4 Qc1+ 31.Rd1 Qxa3 32.Kf2 a5 33.Rhe1 a4 34.Rb1 c4 35.Qxc4 Kg7  1-0

[Event "BCF-ch"]
[Site "Chester"]
[Date "1979.??.??"]
[Round "9"]
[White "Knox, Victor W"]
[Black "Alcock, M."]
[Result "1-0"]
[WhiteElo "2345"]
[BlackElo "2200"]

1.e4 c5 2.Nf3 Nc6 3.Nc3 Nf6 4.d4 cxd4 5.Nxd4 d6 6.Bg5 Bd7 7.Qd2 a6 8.O-O-O e6
9.f4 Be7 10.Be2 b5 11.Bf3 Rc8 12.Rhe1 Qc7 13.Nxc6 Bxc6 14.Bxf6 gxf6 15.f5 b4
16.Ne2 e5 17.Kb1 a5 18.Rc1 Bf8 19.c3 h5 20.Rc2 Qb7 21.Nc1 d5 22.exd5 Ba4
23.b3 bxc3 24.Qd4 Bb4 25.d6 Bc6 26.Rxe5+ Kf8 27.Re7 Qb5 28.Qxf6 Rh7 29.Rxf7+ Rxf7
30.Qh8+  1-0

[Event "Kecskemet"]
[Site "Kecskemet"]
[Date "1979.??.??"]
[Round "6"]
[White "Cabrilo, Goran"]
[Black "Sindik, Ervin"]
[Result "1-0"]
[WhiteElo "2320"]
[BlackElo "2330"]

1.e4 c5 2.Nc3 Nc6 3.Nf3 d6 4.d4 cxd4 5.Nxd4 e6 6.Be3 Nf6 7.Bc4 Be7 8.Qe2 a6
9.O-O-O Qc7 10.Bb3 Na5 11.g4 b5 12.g5 Nxb3+ 13.axb3 Nd7 14.h4 b4 15.Na4 Bb7
16.f3 Nc5 17.Kb1 Qa5 18.h5 Nxa4 19.bxa4 Qxa4 20.g6 Bf6 21.gxf7+ Kxf7 22.h6 g6
23.Nxe6 b3 24.cxb3 Bxe4+ 25.fxe4 Qxe4+ 26.Ka2 Qxe6 27.Rhf1 Rhe8 28.Rxf6+ Kxf6
29.Qf3+ Qf5 30.Bd4+ Kf7 31.Qb7+ Re7 32.Qxa8 Qa5+ 33.Kb1 Qf5+ 34.Kc1 Qf4+
35.Kc2 Qf5+ 36.Rd3 Re2+ 37.Kc3 Qa5+ 38.b4 Qc7+ 39.Bc5 Re5 40.Rf3+ Rf5 41.Rxf5+ gxf5
42.Qa7  1-0

[Event "Lodz"]
[Site "Lodz"]
[Date "1979.??.??"]
[Round "5"]
[White "Balinas, Rosendo Carrean"]
[Black "Witkowski, Stefan"]
[Result "1-0"]
[WhiteElo "2365"]
[BlackElo "2330"]

1.e4 c5 2.Ne2 Nc6 3.Nbc3 e6 4.h3 d5 5.exd5 exd5 6.d4 c4 7.g4 Bb4 8.Bg2 Nge7
9.O-O h5 10.Nf4 Bxc3 11.bxc3 hxg4 12.hxg4 Rh4 13.Bf3 Qd6 14.Re1 Bd7 15.Nxd5 Qh2+
16.Kf1 Bxg4 17.Nxe7 Bh3+ 18.Ke2 Nxe7 19.Bg5 Rh8 20.Qc1 Ng6 21.Qa3 Kd7 22.Qa4+ Kd6
23.Qb4+ Kd7 24.Qb5+ Kd6 25.Qd5+ Kc7 26.Qxb7+  1-0

[Event "Lodz"]
[Site "Lodz"]
[Date "1979.??.??"]
[Round "5"]
[White "Inkiov, Ventzislav"]
[Black "Petkevich, Jusefs"]
[Result "0-1"]
[WhiteElo "2460"]
[BlackElo "2445"]

1.e4 c5 2.Nc3 Nc6 3.Nge2 d6 4.d4 cxd4 5.Nxd4 Nf6 6.Bg5 e6 7.Qd2 h6 8.Bxf6 gxf6
9.O-O-O a6 10.Be2 h5 11.f4 Bd7 12.Kb1 Qc7 13.Rhf1 Be7 14.Rf3 Nxd4 15.Qxd4 Qc5
16.Qd2 Bc6 17.Re3 Rd8 18.Bf3 f5 19.Qe2 fxe4 20.Nxe4 Qb5 21.Qe1 Rg8 22.Nf6+ Bxf6
23.Rxe6+ fxe6 24.Qxe6+ Be7 25.f5 Rg5 26.Bxh5+ Rxh5 27.Re1 Rh7 28.c4 Qa5 29.f6 Qxe1+
30.Qxe1 Kd7 31.fxe7 Rxe7 32.Qf2 Rde8 33.a3 Re2  0-1